वैदिक व्याकरण / (Record no. 214011)

MARC details
000 -LEADER
fixed length control field 01129nam a2200229 4500
005 - DATE AND TIME OF LATEST TRANSACTION
control field 20260106163137.0
010 ## - LCCN (DPL NO)
LC control number HIN-130700-701
020 ## - INTERNATIONAL STANDARD BOOK NUMBER
International Standard Book Number 9789392176524 (भाग-2)
Terms of availability 1250.00 (सैट)
020 ## - INTERNATIONAL STANDARD BOOK NUMBER
International Standard Book Number 9789392176449 (भाग-1)
Terms of availability 1250.00
020 ## - INTERNATIONAL STANDARD BOOK NUMBER
International Standard Book Number 9789392176531 (भाग-2)
Terms of availability 1250.00
035 ## - SYSTEM CONTROL NUMBER
System control number HN-103046-47
037 ## - SOURCE OF ACQUISITION
Source of stock number/acquisition DBAD
082 ## - DEWEY DECIMAL CLASSIFICATION NUMBER
Classification number 425
100 ## - MAIN ENTRY--PERSONAL NAME
Personal name रामगोपाल
245 ## - TITLE STATEMENT
Title वैदिक व्याकरण /
Statement of responsibility, etc रामगोपाल
260 ## - PUBLICATION, DISTRIBUTION, ETC. (IMPRINT)
Place of publication, distribution, etc नई दिल्ली
Name of publisher, distributor, etc नेशनल पेपरबैक्स
Date of publication, distribution, etc 2022
270 ## - ADDRESS
Address 4230/1, अंसारी रोड ,दरियांगाज ,
City नई दिल्ली
Postal code 110002
300 ## - PHYSICAL DESCRIPTION
Extent 2भाग(467;624पृ.
Dimensions 23सेमी(सजिल्द)
490 ## - SERIES STATEMENT
Volume number/sequential designation 2खंडो का सम्पूर्ण सैट
942 ## - ADDED ENTRY ELEMENTS (KOHA)
Source of classification or shelving scheme Dewey Decimal Classification
Item type Hindi Books
Classification part 425
Call number suffix रामगो
Holdings
Withdrawn status Lost status Materials specified (bound volume or other part) Not for loan Collection code Home library Current library Date acquired Source of acquisition Cost, normal purchase price Full call number Barcode Copy number Cost, replacement price Koha item type
    भाग-1   Non-fiction Bawana Bawana 06/01/2026 DBAD 1250.00 425 रामगो HN-103046 1 1250.00 Hindi Books
    भाग-2   Non-fiction Bawana Bawana 06/01/2026 DBAD 1250.00 425 रामगो HN-103047 2 1250.00 Hindi Books

© Delhi Public Library
Hit Counter
free hit counter